Cheques, letras de cambio y pagarés

Salvato in:
Dettagli Bibliografici
Autore principale: Morales Palma, Jorge (autor)
Natura: Libro
Lingua:spagnolo
Pubblicazione: Santiago Juridica de Chile 2014
Edizione:3a. ed
Soggetti:
Tags: Aggiungi Tag
Nessun Tag, puoi essere il primo ad aggiungerne!!

MARC

LEADER 00000cam a2200000 a 4500
001 UCE4456
003 CL-VaPUC
008 141023e20140600cl |||||||||||||||||spa|d
020 |a 9789561022898 
082 0 4 |a 346.096  |b MOR  |2 21 
100 |a Morales Palma, Jorge  |e autor  |9 760391 
245 1 0 |a Cheques, letras de cambio y pagarés 
250 |a 3a. ed 
300 |a 175 p 
942 |c BK 
945 |d 20141023 15:21:00  |a arojas 
260 |a Santiago  |b Juridica de Chile  |c 2014 
650 0 |a Cheque  |9 257249 
650 0 |a Jurisprudencia  |9 255952 
650 7 |a LEGISLACION  |2 CL-VaPUC  |9 577008 
650 7 |a LETRA DE CAMBIO  |2 CL-VaPUC  |9 257958 
650 7 |a PAGARES  |2 CL-VaPUC  |9 256446 
583 |a last modification  |c 20141023 15:21:00  |k Rodrigo Vera 
999 |c 357406  |d 357404 
952 |0 0  |1 0  |3 erb  |4 0  |6 346_096000000000000_MOR_2014  |7 0  |8 A  |9 465367  |a BIBGIM  |b BIBGIM  |i 5120950  |o 346.096 MOR 2014  |p 5120950  |r 2025-01-15  |w 2019-11-23  |y BK  |z Catalogado en:20141023  |k COM 
952 |0 0  |1 0  |3 erb  |4 0  |6 346_096000000000000_MOR_2014  |7 0  |8 A  |9 465368  |a BIBGIM  |b BIBGIM  |i 5120969  |o 346.096 MOR 2014  |p 5120969  |r 2025-01-15  |w 2019-11-23  |y BK  |z Catalogado en:20141023  |k COM 
952 |0 0  |1 0  |3 erb  |4 0  |6 346_096000000000000_MOR_2014  |7 0  |8 A  |9 465369  |a BIBGIM  |b BIBGIM  |i 5120977  |o 346.096 MOR 2014  |p 5120977  |r 2025-01-15  |w 2019-11-23  |y BK  |z Catalogado en:20141023  |k COM 
952 |0 0  |1 0  |3 erb  |4 0  |6 346_096000000000000_MOR_2014  |7 0  |8 A  |9 465370  |a BIBGIM  |b BIBGIM  |i 5120985  |o 346.096 MOR 2014  |p 5120985  |r 2025-01-15  |w 2019-11-23  |y BK  |z Catalogado en:20141023  |k COM 
952 |0 0  |1 0  |3 erb  |4 0  |6 346_096000000000000_MOR_2014  |7 0  |8 A  |9 465371  |a BIBGIM  |b BIBGIM  |i 5120993  |o 346.096 MOR 2014  |p 5120993  |r 2025-01-15  |w 2019-11-23  |y BK  |z Catalogado en:20141023  |k COM 
952 |0 0  |1 0  |3 erb  |4 0  |6 346_096000000000000_MOR_2014  |7 0  |8 A  |9 465372  |a BIBDER  |b BIBDER  |i 547504K  |o 346.096 MOR 2014  |p 547504K  |r 2019-11-23  |w 2019-11-23  |y BK  |z Catalogado en:20180615  |k DER